[Event "Koge Lang Jubilee Weekend Gr-3"]
[Site "Koge"]
[Date "2022.07.09"]
[Round "7"]
[White "Dyremose, Flemming"]
[Black "Nielsen, Angelo"]
[Result "0-1"]
[WhiteElo "1638"]
[BlackElo "1689"]
[PlyCount "80"]
[EventDate "2022.07.06"]
[EventType "tourn"]
[EventRounds "9"]
[EventCountry "DEN"]
[SourceTitle "EXT 2024"]
[Source "ChessBase"]
[SourceDate "2023.10.10"]
[SourceVersion "1"]
[SourceVersionDate "2023.10.10"]
[SourceQuality "1"]

1. d4 g6 2. c4 Bg7 3. Nf3 c5 4. e3 Nf6 5. Nc3 0-0 6. Be2 d6 7. 0-0 Nc6 8. a3 a5 9. Bd2 e5 10. d5 Ne7 11. Qc1 Nf5 12. Rb1 b6 13. b4 Re8 14. bxc5 bxc5 15. a4 e4 16. Ne1 Bd7 17. Nb5 Bxb5 18. axb5 Nh6 19. Bc3 Nd7 20. Bxg7 Kxg7 21. Qb2+ Qf6 22. Qxf6+ Kxf6 23. Nc2 Nb6 24. Rfc1 Ra7 25. Na3 Ke7 26. Ra1 f5 27. Nb1 Nf7 28. Nc3 Ne5 29. Na4 Ned7 30. Bd1 Kd8 31. Nb2 Kc7 32. Ra3 Ne5 33. Ba4 g5 34. Kf1 g4 35. Ke2 h5 36. Rac3 h4 37. Ra1 Rg8 38. Rh1 h3 39. g3 Nd3 40. Nxd3 exd3+ 0-1

[Event "Koge Lang Jubilee Weekend Gr-3"]
[Site "Koge"]
[Date "2022.07.09"]
[Round "8"]
[White "Kaergaard, Sissel"]
[Black "Dyremose, Flemming"]
[Result "1-0"]
[WhiteElo "1588"]
[BlackElo "1638"]
[PlyCount "47"]
[EventDate "2022.07.06"]
[EventType "tourn"]
[EventRounds "9"]
[EventCountry "DEN"]
[SourceTitle "EXT 2024"]
[Source "ChessBase"]
[SourceDate "2023.10.10"]
[SourceVersion "1"]
[SourceVersionDate "2023.10.10"]
[SourceQuality "1"]

1. d4 d5 2. Nf3 e6 3. Bf4 c5 4. c3 Nc6 5. e3 a6 6. Nbd2 Be7 7. Bd3 c4 8. Bc2 b5 9. a3 Nf6 10. 0-0 Bb7 11. e4 dxe4 12. Nxe4 Nxe4 13. Bxe4 Na5 14. Bxb7 Nxb7 15. Ne5 Bf6 16. a4 0-0 17. axb5 axb5 18. Rxa8 Qxa8 19. Nd7 Rd8 20. Nxf6+ gxf6 21. Bh6 f5 22. Qf3 Kh8 23. Qg3 Rg8 24. Qe5+ 1-0

[Event "Koge Lang Jubilee Weekend Gr-3"]
[Site "Koge"]
[Date "2022.07.08"]
[Round "6"]
[White "Nielsen, Kai Gylling"]
[Black "Dyremose, Flemming"]
[Result "1-0"]
[WhiteElo "1735"]
[BlackElo "1638"]
[PlyCount "59"]
[EventDate "2022.07.06"]
[EventType "tourn"]
[EventRounds "9"]
[EventCountry "DEN"]
[SourceTitle "EXT 2024"]
[Source "ChessBase"]
[SourceDate "2023.10.10"]
[SourceVersion "1"]
[SourceVersionDate "2023.10.10"]
[SourceQuality "1"]

1. e4 c5 2. Nf3 d6 3. Bc4 e6 4. c3 a6 5. a4 b6 6. 0-0 Nf6 7. d3 Be7 8. Nbd2 Bb7 9. Ng5 d5 10. Ba2 h6 11. Nxe6 fxe6 12. e5 0-0 13. exf6 Bxf6 14. Qg4 Qd7 15. f4 b5 16. Nb3 Be7 17. Be3 c4 18. dxc4 bxc4 19. Na5 Bc8 20. Qf3 Nc6 21. Nxc6 Qxc6 22. Bb1 e5 23. Qg3 e4 24. Bc2 a5 25. Bd4 Bf6 26. Bxf6 Rxf6 27. Qe3 Be6 28. b4 cxb3 29. Bxb3 d4 30. Bxe6+ 1-0

[Event "Damhus-ch B"]
[Site "Rodovre"]
[Date "2011.10.20"]
[Round "7"]
[White "Helleshoj, Knud Erik"]
[Black "Dyremose, Flemming"]
[Result "0-1"]
[WhiteElo "1537"]
[BlackElo "1576"]
[PlyCount "49"]
[EventDate "2011.09.06"]
[EventType "tourn"]
[EventRounds "7"]
[EventCountry "DEN"]
[SourceTitle "EXT 2023"]
[Source "ChessBase"]
[SourceDate "2022.10.05"]
[SourceVersion "1"]
[SourceVersionDate "2022.10.05"]
[SourceQuality "1"]

1. e4 c5 2. Nf3 d6 3. d4 cxd4 4. Nxd4 Nf6 5. Nc3 a6 6. a3 e5 7. Nf3 Be6 8. Be2 Nc6 9. 0-0 Rc8 10. Ng5 Be7 11. Nxe6 fxe6 12. Bh5+ Nxh5 13. Qxh5+ g6 14. Qd1 Nd4 15. Be3 Bf6 16. Rc1 Qb6 17. b3 Rxc3 18. Qd2 Qc7 19. f4 Rxc2 20. Rxc2 Qxc2 21. Qxc2 Nxc2 22. Rc1 Nxe3 23. Rc8+ Kf7 24. Rxh8 Bxh8 25. fxe5 0-1

[Event "Damhus-ch B"]
[Site "Rodovre"]
[Date "2011.10.04"]
[Round "5"]
[White "Bauers, Sten"]
[Black "Dyremose, Flemming"]
[Result "0-1"]
[WhiteElo "1542"]
[BlackElo "1576"]
[PlyCount "84"]
[EventDate "2011.09.06"]
[EventType "tourn"]
[EventRounds "7"]
[EventCountry "DEN"]
[SourceTitle "EXT 2023"]
[Source "ChessBase"]
[SourceDate "2022.10.05"]
[SourceVersion "1"]
[SourceVersionDate "2022.10.05"]
[SourceQuality "1"]

1. e4 c5 2. Nf3 d6 3. d4 cxd4 4. c3 dxc3 5. Nxc3 Nc6 6. Bf4 e5 7. Bg3 Nf6 8. Bc4 Be6 9. Bxe6 fxe6 10. Ng5 Qd7 11. Qb3 Nd4 12. Qd1 Be7 13. 0-0 0-0 14. f4 exf4 15. Bxf4 e5 16. Be3 Ng4 17. Bc1 h6 18. Nf3 Nxf3+ 19. Rxf3 Rxf3 20. Qxf3 Nf6 21. Be3 Qg4 22. Nd5 Qxf3 23. Nxe7+ Kf7 24. gxf3 Kxe7 25. Rc1 Kd7 26. a4 a6 27. a5 Rc8 28. Rxc8 Kxc8 29. b4 Kc7 30. Kf2 Kc6 31. Ke2 d5 32. Bc5 dxe4 33. fxe4 Nxe4 34. Bf8 Kd5 35. Bxg7 h5 36. Ke3 Nd6 37. Bf8 Nf5+ 38. Kd2 Ke4 39. Ke2 Nd4+ 40. Kf2 Kd3 41. h3 e4 42. Bh6 Nc2 0-1

[Event "Damhus-ch B"]
[Site "Rodovre"]
[Date "2011.09.13"]
[Round "2"]
[White "Nielsen, Jorgen Holmstrom"]
[Black "Dyremose, Flemming"]
[Result "1-0"]
[WhiteElo "1519"]
[BlackElo "1576"]
[PlyCount "73"]
[EventDate "2011.09.06"]
[EventType "tourn"]
[EventRounds "7"]
[EventCountry "DEN"]
[SourceTitle "EXT 2023"]
[Source "ChessBase"]
[SourceDate "2022.10.05"]
[SourceVersion "1"]
[SourceVersionDate "2022.10.05"]
[SourceQuality "1"]

1. Nc3 d6 2. Nf3 c5 3. e3 a6 4. a4 Nf6 5. Ne2 Nc6 6. Ng3 e6 7. Be2 Be7 8. 0-0 Bd7 9. d4 cxd4 10. exd4 Rc8 11. c3 Na5 12. Bg5 h6 13. Bxf6 Bxf6 14. Ne4 Be7 15. Ng3 Qb6 16. b4 Nc4 17. Bxc4 Rxc4 18. Qd3 Qc7 19. Rfc1 b5 20. Nd2 Bg5 21. Nxc4 bxc4 22. Qc2 Bxc1 23. Qxc1 d5 24. Qe3 0-0 25. a5 Qd6 26. Re1 Re8 27. f4 Qe7 28. Qf3 Qf6 29. Nh5 Qf5 30. h3 Re7 31. Ng3 Qd3 32. Re3 Qb1+ 33. Kh2 g6 34. h4 Kg7 35. f5 Kg8 36. Qf4 Kh7 37. Qd6 1-0

[Event "Damhus-ch B"]
[Site "Rodovre"]
[Date "2011.09.06"]
[Round "1"]
[White "Dyremose, Flemming"]
[Black "Sumberg, Petur"]
[Result "1-0"]
[WhiteElo "1576"]
[BlackElo "1605"]
[PlyCount "69"]
[EventDate "2011.09.06"]
[EventType "tourn"]
[EventRounds "7"]
[EventCountry "DEN"]
[SourceTitle "EXT 2023"]
[Source "ChessBase"]
[SourceDate "2022.10.05"]
[SourceVersion "1"]
[SourceVersionDate "2022.10.05"]
[SourceQuality "1"]

1. d4 Nf6 2. c4 e6 3. Nc3 d5 4. Nf3 Bb4 5. a3 Bxc3+ 6. bxc3 0-0 7. e3 c6 8. Bd3 Nbd7 9. Qc2 dxc4 10. Bxc4 Re8 11. 0-0 h6 12. a4 Qa5 13. Bd2 b6 14. Bd3 c5 15. c4 Qa6 16. d5 exd5 17. cxd5 Qb7 18. e4 Ne5 19. Nxe5 Rxe5 20. Bc3 Re8 21. f3 Qe7 22. Rfc1 Nd7 23. a5 c4 24. Be2 b5 25. Qb2 a6 26. Bxg7 h5 27. Bc3 f6 28. Bb4 Qg7 29. Ra3 Ne5 30. f4 Ng4 31. Qd4 h4 32. d6 Kh8 33. Rd1 Rxe4 34. Qxe4 Bb7 35. Qe7 1-0

[Event "Valby K41 Aabent-ch 0809"]
[Site "Valby"]
[Date "2008.12.09"]
[Round "3"]
[White "Ringsborg, Allan"]
[Black "Dyremose, Flemming"]
[Result "0-1"]
[WhiteElo "1641"]
[BlackElo "1459"]
[PlyCount "92"]
[EventDate "2008.11.11"]
[EventType "swiss"]
[EventRounds "9"]
[EventCountry "DEN"]
[SourceTitle "EXT 2023"]
[Source "ChessBase"]
[SourceDate "2022.10.05"]
[SourceVersion "1"]
[SourceVersionDate "2022.10.05"]
[SourceQuality "1"]

1. Nf3 c5 2. c4 d6 3. Nc3 Nc6 4. g3 e6 5. Bg2 a6 6. a3 Nf6 7. d3 Be7 8. 0-0 0-0 9. Rb1 Qc7 10. b4 cxb4 11. axb4 b6 12. b5 axb5 13. Nxb5 Qd7 14. Nbd4 Rb8 15. Nxc6 Qxc6 16. Nd4 Qe8 17. Nc6 Rb7 18. Be3 d5 19. cxd5 Nxd5 20. Nxe7+ Qxe7 21. Bxd5 exd5 22. Bxb6 Bh3 23. Re1 Rfb8 24. Qa4 Rxb6 25. Rxb6 Rxb6 26. Qa8+ Qf8 27. Qxd5 Be6 28. Qe4 Qb8 29. d4 Qd8 30. Ra1 Bd5 31. Qe5 Re6 32. Qf4 Rxe2 33. Rb1 Re8 34. h4 Qe7 35. Qe5 Qxe5 36. dxe5 g6 37. f4 Be6 38. Kf2 h5 39. Rd1 Rb8 40. Rd2 Kf8 41. Ke2 Ke7 42. Kf2 Rb5 43. Ke3 Rd5 44. Rxd5 Bxd5 45. f5 gxf5 46. Kf4 Ke6 0-1

[Event "Taastrup Spil Naar Du Vil 1st"]
[Site "Taastrup"]
[Date "2006.06.08"]
[Round "9"]
[White "Jensen, Jan Kargaard"]
[Black "Dyremose, Flemming"]
[Result "1-0"]
[WhiteElo "1690"]
[BlackElo "1395"]
[PlyCount "111"]
[EventDate "2006.03.30"]
[EventType "swiss"]
[EventRounds "9"]
[EventCountry "DEN"]
[SourceTitle "EXT 2023"]
[Source "ChessBase"]
[SourceDate "2022.10.05"]
[SourceVersion "1"]
[SourceVersionDate "2022.10.05"]
[SourceQuality "1"]

1. d4 Nf6 2. Nf3 g6 3. Bf4 d6 4. Nbd2 Bg7 5. c3 Nbd7 6. h3 0-0 7. e3 b6 8. Bd3 Bb7 9. 0-0 e6 10. Re1 Rc8 11. Qe2 Nb8 12. Rad1 Re8 13. e4 Nfd7 14. e5 d5 15. Bg5 f6 16. exf6 Bxf6 17. Bxf6 Qxf6 18. Ne5 Nxe5 19. Qxe5 Qxe5 20. Rxe5 Nd7 21. Re3 c5 22. Rde1 c4 23. Bc2 Kf7 24. Nf3 h6 25. Ne5+ Nxe5 26. Rxe5 b5 27. R1e3 g5 28. Bd1 Re7 29. Bh5+ Kf6 30. Rf3+ Kg7 31. h4 gxh4 32. Rf4 Rf8 33. Rg4+ Kh8 34. Rg6 Bc8 35. Rxh6+ Rh7 36. Rxh7+ Kxh7 37. Bg4 Rf6 38. Rh5+ Rh6 39. Rxh6+ Kxh6 40. f4 Kg6 41. Kh2 Kf6 42. Kh3 Bd7 43. Kxh4 Be8 44. Bh3 Bg6 45. g4 a6 46. g5+ Ke7 47. Bg4 Kf7 48. Bh5 a5 49. a3 Kg7 50. Bxg6 Kxg6 51. Kg4 Kg7 52. Kh5 Kh7 53. g6+ Kg7 54. Kg5 b4 55. axb4 axb4 56. cxb4 1-0

[Event "Taastrup Spil Naar Du Vil 1st"]
[Site "Taastrup"]
[Date "2006.05.11"]
[Round "6"]
[White "Meldal, Peter"]
[Black "Dyremose, Flemming"]
[Result "0-1"]
[WhiteElo "1139"]
[BlackElo "1395"]
[PlyCount "58"]
[EventDate "2006.03.30"]
[EventType "swiss"]
[EventRounds "9"]
[EventCountry "DEN"]
[SourceTitle "EXT 2023"]
[Source "ChessBase"]
[SourceDate "2022.10.05"]
[SourceVersion "1"]
[SourceVersionDate "2022.10.05"]
[SourceQuality "1"]

1. d4 c5 2. Nf3 d6 3. e4 cxd4 4. Nxd4 Nf6 5. Nc3 a6 6. Bg5 e6 7. Bd3 Be7 8. Qd2 Qb6 9. Nb3 Nbd7 10. 0-0-0 Qc7 11. f4 b5 12. a4 b4 13. Na2 a5 14. Bb5 Nxe4 15. Qe3 Nxg5 16. fxg5 Bb7 17. Rhg1 0-0 18. h4 Ne5 19. h5 Rfc8 20. Qe2 Bxg5+ 21. Kb1 h6 22. Nac1 Bf6 23. Nd3 Nxd3 24. Qxd3 Ba6 25. Bxa6 Rxa6 26. Rd2 Rc6 27. Rc1 Bg5 28. Nd4 Bxd2 29. Nxc6 Bxc1 0-1

[Event "Taastrup Spil Naar Du Vil 1st"]
[Site "Taastrup"]
[Date "2006.04.06"]
[Round "2"]
[White "Dyremose, Flemming"]
[Black "Jensen, Tom B"]
[Result "1-0"]
[WhiteElo "1395"]
[BlackElo "1065"]
[PlyCount "125"]
[EventDate "2006.03.30"]
[EventType "swiss"]
[EventRounds "9"]
[EventCountry "DEN"]
[SourceTitle "EXT 2023"]
[Source "ChessBase"]
[SourceDate "2022.10.05"]
[SourceVersion "1"]
[SourceVersionDate "2022.10.05"]
[SourceQuality "1"]

1. d4 d5 2. c4 c6 3. Nc3 Nf6 4. Nf3 e6 5. Bg5 Nbd7 6. e3 Be7 7. Rc1 0-0 8. Bd3 dxc4 9. Bxc4 Qc7 10. 0-0 Nb6 11. Bd3 Nbd7 12. a3 b6 13. e4 e5 14. d5 c5 15. Bb5 a6 16. Bc6 Ra7 17. Re1 Rd8 18. Qd3 Nb8 19. Ba4 Rb7 20. Bc2 c4 21. Qd2 Bg4 22. Bd1 Qd6 23. Nxe5 Bxd1 24. Nxc4 Qd7 25. Qxd1 b5 26. Ne3 b4 27. Nb1 bxa3 28. bxa3 Rc8 29. Bxf6 Bxf6 30. Qg4 Qxg4 31. Nxg4 Rxc1 32. Rxc1 h6 33. Nxf6+ gxf6 34. Nd2 Nd7 35. f4 Rb2 36. Nf1 Kg7 37. Rc3 Re2 38. Ng3 Rd2 39. Rc4 Rb2 40. Ra4 Nc5 41. Rc4 Nd3 42. f5 Nf4 43. Rc6 Rb1+ 44. Nf1 Ne2+ 45. Kf2 Nd4 46. Rxa6 Rb2+ 47. Ke3 Nc2+ 48. Kf4 Ne1 49. Ne3 Nd3+ 50. Kg3 Nc5 51. Rc6 Nxe4+ 52. Kh4 Re2 53. Nc4 Rxg2 54. Kh3 Rf2 55. d6 Rxf5 56. d7 Rd5 57. Nd6 Ng5+ 58. Kg4 Kg6 59. d8Q Rd4+ 60. Kg3 Rd3+ 61. Kf2 Nh3+ 62. Ke1 Re3+ 63. Kd2 1-0